Geology of Stark County / (Record no. 29897)

MARC details
000 -LEADER
fixed length control field 01064cam a22003131a 4500
001 - CONTROL NUMBER
control field gs 64000322
003 - CONTROL NUMBER IDENTIFIER
control field DLC
005 - DATE AND TIME OF LATEST TRANSACTION
control field 20260227111415.0
008 - FIXED-LENGTH DATA ELEMENTS--GENERAL INFORMATION
fixed length control field 730129s1963 ohuab b 000 0 eng
010 ## - LIBRARY OF CONGRESS CONTROL NUMBER
LC control number gs 64000322
035 ## - SYSTEM CONTROL NUMBER
System control number (OCoLC)546852
040 ## - CATALOGING SOURCE
Original cataloging agency DLC
Transcribing agency ODaWU
Modifying agency OCoLC
-- O
-- DLC
042 ## - AUTHENTICATION CODE
Authentication code premarc
043 ## - GEOGRAPHIC AREA CODE
Geographic area code n-us-oh
050 00 - LIBRARY OF CONGRESS CALL NUMBER
Classification number QE151
Item number .A18 no. 61
086 0# - GOVERNMENT DOCUMENT CLASSIFICATION NUMBER
Classification number ONR 84.19:61
Number source ohdocs
100 1# - MAIN ENTRY--PERSONAL NAME
Personal name DeLong, Richard M.
245 10 - TITLE STATEMENT
Title Geology of Stark County /
Statement of responsibility, etc. by Richard M. DeLong, George W. White.
260 ## - PUBLICATION, DISTRIBUTION, ETC.
Place of publication, distribution, etc. Columbus :
Name of publisher, distributor, etc. Ohio Division of Geological Survey,
Date of publication, distribution, etc. 1963.
300 ## - PHYSICAL DESCRIPTION
Extent x, 209 p. ;
Other physical details ill., maps (some col.) ;
Dimensions 28 cm.
490 1# - SERIES STATEMENT
Series statement Report of investigations ;
Volume/sequential designation 61
500 ## - GENERAL NOTE
General note Maps in pocket.
500 ## - GENERAL NOTE
General note Errata slip inserted.
504 ## - BIBLIOGRAPHY, ETC. NOTE
Bibliography, etc. note Includes bibliographical references (p. 194-202).
650 #0 - SUBJECT ADDED ENTRY--TOPICAL TERM
Topical term or geographic name entry element Geology
Geographic subdivision Ohio
-- Stark County.
700 1# - ADDED ENTRY--PERSONAL NAME
Personal name White, George Willard,
Dates associated with a name 1903-
710 1# - ADDED ENTRY--CORPORATE NAME
Corporate name or jurisdiction name as entry element Ohio.
Subordinate unit Division of Geological Survey.
830 #0 - SERIES ADDED ENTRY--UNIFORM TITLE
Uniform title Report of investigations (Ohio. Division of Geological Survey) ;
Volume/sequential designation 61.

No items available.

Powered by Koha